Statistics for 3.n quiz

Click here to take the quiz!

General Stats

  • This quiz has been taken 3 times
  • The average score is 8 of 15

Answer Stats

HintAnswer% Correct
Hvem var det Joses lillesøster fandt på hendes seng efter julefrokost 2020?Alex
100%
Hvem cheatede på sin kæreste med Dicte Lundgren til en GHG fest?Marcel
100%
Hvem holder sidste stop til studentervognstur?Noah
100%
Hvem vandt drengenes no nut november 2022?Laurits
67%
Hvad hedder Marcels eks?Mie
67%
Hvem drak pisco med cherry tomat?August
33%
Hvad hed den bar alle tog på anden dag på Odense turen?Den brølende and
33%
Hvor endte Sean efter en GHG fest?Dragør
33%
Når Noah Hjorth refererer til den gode gamle, hvad mener han så?Gazoz
33%
Hvad er Noah Hjorths ynglings booze?Hennesey
33%
Hvem lavede Noah R noget med på Blåbogstur?Luka
33%
Hvem var personen der var skyldig for "The chicken wing incident 2021"?Rasmus
33%
Hvad er Alex' ynglings druk leg?Sektion 46
33%
Hvem har den største pande i 3.N?Sille
33%
Hvem gik kold til klassefesten hos Flora?Theo
33%

Score Distribution

Percentile by Number Answered

Percent of People with Each Score

Your Score History

You have not taken this quiz